| 000 | 00454cam a2200169ua 4500 | ||
|---|---|---|---|
| 020 | _c595.00 | ||
| 041 |
_aeng _h |
||
| 082 |
_a664 _bBAI/CH |
||
| 100 | _aBaisya, Rajat Kanti . | ||
| 245 |
_aChanging face of processed food industry in India / _cRajat Kanti Baisya. _hTextual Documents |
||
| 260 |
_aNew Delhi : _bAne books India , _c2008. |
||
| 300 |
_a318 ; _e`. |
||
| 365 | _a595.00 | ||
| 504 | _a | ||
| 942 | _cBK | ||
| 999 |
_c13082 _d13082 |
||